10 Biggest Cities: Brazil - Statistics

General Stats
  • This quiz has been taken 274 times
  • The average score is 8 of 10
Answer Stats
Population City % Correct
6,453,682 Rio de Janeiro
100%
11,895,893 São Paulo
96%
2,852,372 Brasília
94%
2,491,109 Belo Horizonte
82%
2,020,301 Manaus
74%
1,608,488 Recife
74%
2,902,927 Salvador
74%
1,472,482 Porto Alegre
72%
2,571,896 Fortaleza
70%
1,864,416 Curitiba
57%
No matching quizzes found
Score Distribution
Percent of People with Each Score
Percentile by Number Answered
Your Score History
You have not taken this quiz